Statistics for Guess the NFL team by their logo

Click here to take the quiz!

General Stats

  • This quiz has been taken 608 times
  • The average score is 15 of 16

Answer Stats

Answer% Correct
Dolphins
98%
Bills
96%
Lions
96%
Ravens
96%
Packers
95%
Patriots
95%
Steelers
94%
Eagles
93%
Jaguars
93%
Falcons
92%
Rams
92%
Titans
92%
49ers
91%
Bengals
91%
Cardinals
91%
Texans
88%

Score Distribution

Percentile by Number Answered

Percent of People with Each Score

Your Score History

You have not taken this quiz